<?xml version="1.0" encoding="UTF-8"?>
<marc:record xmlns:marc="http://www.loc.gov/MARC21/slim">
   <marc:leader>00000nam a2200000 a 4500</marc:leader>
   <marc:datafield ind1="1" ind2=" " tag="100">
      <marc:subfield code="a">Chalandon, Sorj</marc:subfield>
      <marc:subfield code="4">aut</marc:subfield>
      <marc:subfield code="e">Verfasser/-in</marc:subfield>
   </marc:datafield>
   <marc:datafield ind1="0" ind2="0" tag="245">
      <marc:subfield code="a">Verräterkind</marc:subfield>
   </marc:datafield>
   <marc:datafield ind1="0" ind2="0" tag="245">
      <marc:subfield code="b">Roman</marc:subfield>
   </marc:datafield>
   <marc:datafield ind1="0" ind2="0" tag="245">
      <marc:subfield code="c">Sorj Chalandon</marc:subfield>
   </marc:datafield>
   <marc:datafield ind1=" " ind2="1" tag="264">
      <marc:subfield code="a">München</marc:subfield>
      <marc:subfield code="b">dtv Verlagsgesellschaft</marc:subfield>
      <marc:subfield code="c">2022</marc:subfield>
   </marc:datafield>
   <marc:datafield ind1=" " ind2=" " tag="250">
      <marc:subfield code="a">1. Auflage</marc:subfield>
   </marc:datafield>
   <marc:datafield ind1="1" ind2=" " tag="520">
      <marc:subfield code="a">Angaben aus der Verlagsmeldung

Verräterkind : Roman Enfant de salaud / von Sorj Chalandon

Eine kraftvolle literarische Konfrontation mit der Schuld der Väter

»Dein Vater stand auf der falschen Seite.« – ein Satz, der die Familie zerreißt. Seit seiner Kindheit quält den Erzähler eine Frage: Was hat der Vater während der Besatzungszeit gemacht? Doch er traut sich nie, ihn zu fragen, zu unberechenbar, zu gewalttätig ist dieser Vater. Im Mai 1987, als in Lyon der Prozess gegen den NS-Verbrecher Klaus Barbie eröffnet wird, berichtet der Sohn als Journalist einer großen französischen Tageszeitung. Und erfährt am selben Tag, dass die Gerichtsakte seines Vaters im Archiv schlummert. Und so ist es nicht ein Prozess, der gerade begonnen hat, es sind zwei. Die sprachgewaltige, schmerzhafte Auseinandersetzung Chalandons mit der Wunde seines Lebens und Schreibens, dem Vater als Verräter.

</marc:subfield>
   </marc:datafield>
   <marc:datafield ind1=" " ind2=" " tag="020">
      <marc:subfield code="a">9783423290333</marc:subfield>
      <marc:subfield code="9">9783423290333</marc:subfield>
   </marc:datafield>
   <marc:datafield ind1=" " ind2=" " tag="020">
      <marc:subfield code="a">3423290331</marc:subfield>
      <marc:subfield code="9">3423290331</marc:subfield>
   </marc:datafield>
   <marc:datafield ind1=" " ind2=" " tag="041">
      <marc:subfield code="a">ger</marc:subfield>
   </marc:datafield>
   <marc:datafield ind1=" " ind2=" " tag="300">
      <marc:subfield code="a">303 Seiten</marc:subfield>
   </marc:datafield>
</marc:record>
